000 00647cam a22002171 4500
001 12103
003 BD-RjUL
005 20211208235233.0
008 180726s1951 ilua b 000 0 eng
035 _a(BD-RjUL)12152
040 _aDLC
_cOAkU
_dOCoLC
_dBD-RjUL
_beng
041 _aeng
082 _a025.3416
_223
_bDUH 1951
100 1 _aDunkin, Paul Shaner
_d1905-
_92082
245 1 0 _aHow to catalog a rare book /
_cPaul Shaner Dunkin
260 _aChicago,
_bAmerican Library Association,
_c1951.
300 _avii, 85 p. :
_bill. ;
_c22 cm.
504 _aBibliography: p. 4-5.
650 0 _aCataloging of rare books.
_9221936
942 _2ddc
_cRAR
999 _c12103
_d12103